00396nam a2200133Ia 4500003000400000005001700004008004100021040001800062041000800080100004900088110001800137245008700155260002000242OSt20230524152111.0211028s2011 xx 000 0 und d cAIMIT LIBRARY aeng aValder, Sharel Maria; Vijay, Deborah.g91801 aDeborah Vijay aPattern of codon usage in Chloroplast Genome of Solanum Lycopersicum and Zea Mays. aMangalorec2011